000
00211 a2200097 4500
001
3559
100
_a
Boulding, R.S.H
245
_a
Principles & practice of Radar
260
_a
_b
Newnes
_c
090
_c
2823
_d
2823
942
_a
NUST-CAE
_c
M
_c
20258
999
_c
238632
_d
238632